| 000 | 00625nam a22002052 4500 | ||
|---|---|---|---|
| 001 | 0000001090 | ||
| 005 | 20151021151051.0 | ||
| 008 | 070226s xx 000 0 eng d | ||
| 020 |
_a0883447193 : _cKES 1,900 |
||
| 040 |
_aKABU _cKABU |
||
| 050 | 0 |
_aBV2063 _b.B67 |
|
| 100 | 1 |
_aBosch, David J. _@0000159840 |
|
| 245 | 1 | 0 |
_aTransforming mission : _bparadigm shifts in theology of mission / _cDavid J. Bosch. |
| 260 |
_aNew York : _bOrbis Books, _c1991. |
||
| 300 | _axix, 587 p. | ||
| 650 | 0 |
_aMissions _xTheory. _@0000148268 |
|
| 908 | _a070226 | ||
| 950 | _@1 | ||
| 999 |
_c303 _d303 |
||